00552nmm a2200157Ia 4500008004100000020001800041041000800059100003100067245009500098264005900193300001800252650001700270700003100287700002600318856005000344251105s9999||||xx |||||||||||||||||und|| a9788497493604 aspa aCastro de Paz, José Luis 0aCine + Guerra Civil :b Nuevos hallazgos: aproximaciones analíticas e historiográficas a[Madrid, España] :bUniversidade da Coruña, c2009 a264 páginas aFilm studies aCastro de Paz, José Luis1 a Castro de Paz, David uhttps://public.digitaliapublishing.com/a/9049